00346 a2200133 450000100060000002000060000604000220001210000370003424000560007124500510012730000080017836200090018665000170019563673 a  cAnchieta - Pituba aSantos, Antonio Jorge de Almeida10a1000 testes de matemática com respostas; v.3lpor10a1000 testes de matemática com respostas; v.3 a1910 a2004 4aMatemática